Statistics for A Train from Manila to Los Angeles

Click here to take the quiz!

General Stats

  • This quiz has been taken 16 times
    (14 since last reset)
  • The average score is 52 of 298

Answer Stats

Answer% Correct
Manila
82%
Manila-Longos
82%
Manila-Malabon City
82%
Manila-Maypajo
82%
Manila-Quezon City
82%
Manila-Quezon-Tandang Sora
82%
Manila-Sampaloc
82%
Los Angeles
73%
Los Angeles Airport
73%
Los Angeles-Burbank
73%
Los Angeles-Santa Clarita
73%
Tokyo
55%
Tokyo-Chiba
55%
Tokyo-Etchujima
55%
Tokyo-Funabashi
55%
Tokyo-Hatchobori
55%
Tokyo-Kasai-Rinkai-Koen
55%
Tokyo-Kemigawahama
55%
Tokyo-Koto
55%
Tokyo-Nippori
55%
Tokyo-Shinkiba
55%
Tokyo-Shiohama
55%
Tokyo-Soga
55%
Tokyo-Tabbata
55%
Tokyo-Ueno
55%
Tokyo-Urayasu
55%
Seoul
45%
Seoul-Airport
45%
Seoul-Gangnam
45%
Seoul-Gangseo
45%
Seoul-Mapogu
45%
Seoul-Seodaemungu
45%
Seoul-Songpagu
45%
Osaka
36%
Osaka-Abenoku
36%
Osaka-Airport
36%
Osaka-Hiranoku
36%
Osaka-Yodogawaku
36%
Seattle
36%
Seattle-Airport
36%
Seattle-Bellingham
36%
Seattle-Everett
36%
Seattle-Greenlake
36%
Seattle-North Gate
36%
Seattle-Tacoma
36%
Busan
27%
Busan-Gijang-Gun
27%
Busan-Yeonye-Gun
27%
Fukuoka
27%
Fukuoka-Airport
27%
Fukuoka-Chuo-Ku
27%
Fukuoka-Nishi-Ku
27%
Fukuoka-Toyohama
27%
Hiroshima
27%
Hiroshima-Minamiku
27%
Hiroshima-Shoko Center
27%
Incheon
27%
Nagoya
27%
Nagoya-Meitoku
27%
Nagoya-Minatoku
27%
Nagoya-Tempakuku
27%
Nagoya-Yakiyama
27%
Portland
27%
Portland-Airport
27%
Portland-Northeast
27%
Sacramento
27%
Sacramento-Airport
27%
Sacramento-North Sacramento
27%
San Francisco
27%
San Francisco-Airport
27%
San Francisco-Chinatown
27%
San Francisco-Daly City
27%
San Francisco-Outer Mission
27%
San Francisco-South San Francisco
27%
San Jose
27%
San Jose-Airport
27%
San Jose-Redwood City
27%
San Jose-Santa Clara
27%
Sapporo
27%
Sapporo-Airport
27%
Sapporo-Shiroishiku
27%
Sendai
27%
Sendai-Airport
27%
Shanghai
27%
Shanghai-Airport
27%
Shanghai-Changning
27%
Shanghai-Jiashan
27%
Shanghai-Jinshan
27%
Shanghai-Putuo
27%
Shanghai-Songjiang
27%
Shanghai-Yangpu
27%
Vancouver
27%
Vancouver-Airport
27%
Vancouver-Downtown Eastside
27%
Vancouver-East Vancouver
27%
Vancouver-North Vancouver
27%
Vancouver-Richmond
27%
Vancouver-Surrey
27%
Vancouver-Victoria
27%
Vancouver-Yaletown
27%
Anchorage
18%
Bakersfield
18%
Bakersfield-Airport
18%
Fresno
18%
Fresno-Airport
18%
Fresno-Tower District
18%
Fuzhou
18%
Fuzhou-Airport
18%
Fuzhou-Cangshan
18%
Guangzhou
18%
Guangzhou-Baiyun
18%
Guangzhou-Dongguan
18%
Guangzhou-Dongguan-Humen
18%
Guangzhou-Foshan
18%
Guangzhou-Foshan-Lekong
18%
Guangzhou-Huangpu
18%
Guangzhou-Huangshi
18%
Guangzhou-Liwan
18%
Guangzhou-Shajing
18%
Guangzhou-Shenzhen
18%
Guangzhou-Shenzhen-Baoan
18%
Guangzhou-Shenzhen-Huiyang
18%
Guangzhou-Shenzhen-Luohu
18%
Guangzhou-Shenzhen-Pingshan
18%
Guangzhou-Tianhe
18%
Haikou
18%
Haikou-Airport
18%
Haikou-Xiujing
18%
Hangzhou
18%
Hangzhou-Airport
18%
Hangzhou-Deqing
18%
Hangzhou-Gongshu
18%
Hangzhou-Xiaoshan
18%
Juneau
18%
Kobe
18%
Kobe-Higashinadaku
18%
Kobe-Hyogoku
18%
Nara
18%
Ningbo
18%
Ningbo-Airport
18%
Ningbo-Yinzhou
18%
Qingdao
18%
Qingdao-Airport
18%
Qingdao-Jimo
18%
Qingdao-Shibei
18%
Quanzhou
18%
Quanzhou-Airport
18%
Quanzhou-Huian
18%
Salem
18%
Ulsan
18%
Ulsan-Airport
18%
Vladivostok-Airport
18%
Wenzhou
18%
Wenzhou-Airport
18%
Wenzhou-Longwan
18%
Xiamen
18%
Xiamen-Airport
18%
Xiamen-Haikang
18%
Angeles
9%
Eugene
9%
Kita
9%
Kitakyushu
9%
Kitakyushu-Kokuraminamiku
9%
Kitakyushu-Yahatashikahigu
9%
Linyi
9%
Linyi-Airport
9%
Linyi-Hedong
9%
Magadan
9%
Okayama
9%
Okayama-Higashiku
9%
Okayama-Nakaku
9%
Olympia
9%
San Fernando
9%
Santiago
9%
Uelen
9%
Whitehorse
9%
Yantai
9%
Yantai-Airport
9%
Yantai-Fushan
9%
Aioi
0%
Akashi
0%
Ako
0%
Albany
0%
Amagasaki
0%
Asahi
0%
Asahikawa
0%
Ashiya
0%
Beaverton
0%
Bizen
0%
Changxing Island
0%
Chaozhou
0%
Chico
0%
Fuefuki
0%
Fukutsu
0%
Fukuyama
0%
Gilroy
0%
Gunwi
0%
Gyeongju
0%
Gyeongju-Oedong-Eup
0%
Hachinohe
0%
Hakodate
0%
Hatsukaichi
0%
Hengshan Island
0%
Himeji
0%
Hitachinaka
0%
Hokuto
0%
Huangdao Island
0%
Huzhou
0%
Ichinoseki
0%
Iida
0%
Iki
0%
Island City
0%
Itoshima
0%
Iwaki
0%
Jeungpyeong
0%
Jiaxing
0%
Jieyang
0%
Jincheon
0%
Kameyama
0%
Kamisu
0%
Kasaoka
0%
Kawaguchi
0%
Kitaibaraki
0%
Kitakami
0%
Kizugawa
0%
Kofu
0%
Koga
0%
Koshu
0%
Kurashiki
0%
Kure
0%
Kurihara
0%
Lianyangang
0%
Maoming
0%
Medford
0%
Mihara
0%
Mine
0%
Mizunami
0%
Morioka
0%
Munakata
0%
Mungyeong
0%
Mutsu
0%
Nabari
0%
Nakama
0%
Nantong
0%
Nantong-Tongzhou
0%
Napa
0%
Nayoro
0%
Ningde
0%
Nishinomiya
0%
Niudao Island
0%
Osaki
0%
Oshu
0%
Owariasahi
0%
Putian
0%
Redding
0%
Rizhao
0%
Roseville
0%
Saitama
0%
Saitama-Minumaku
0%
Sammu
0%
San Rafael
0%
Santa Rosa
0%
Selma
0%
Seongnam
0%
Seto
0%
Shanwei
0%
Shaoxing
0%
Shibetso
0%
Shimonoseki
0%
Shudao
0%
Soma
0%
Sosa
0%
Springfield
0%
Taizhou
0%
Taizhou-Jiaojing
0%
Takasaki
0%
Takehara
0%
Takikawa
0%
Tatsuno
0%
Togane
0%
Toki
0%
Toshima
0%
Vacaville
0%
Visalia
0%
Wakkanai
0%
Weihai
0%
Yamaguchi
0%
Yancheng
0%
Yangjian
0%
Yao
0%
Yatomi
0%
Yeongcheon
0%
Yokkaichi
0%
Yongin
0%
Yuba City
0%
Zhangzhou
0%
Zhanjiang
0%

Score Distribution

Percentile by Number Answered

Percent of People with Each Score

Your Score History

You have not taken this quiz since the last reset